Southville International School and Colleges
Your cart is empty.
  • Cart
  • Lists
    Public lists Eva Luna New books Lux_list list_1
    Your lists Log in to create your own lists
  • Log in to your account
  • Your cookies
  • Search history
Southville International School and Colleges
  • Advanced search
  • Recent comments
  • Most popular
  • Libraries

Log in to your account

Log in with GOOGLE


If you do not have an external account, but do have a local account, you can still log in:

  1. Home
  2. MARC view: Brigance transition skills inventory /
Normal view MARC view ISBD view

Brigance transition skills inventory / (Record no. 7146)

[ view plain ]
MARC details
000 -LEADER
fixed length control field 00530nam a22001937a 4500
003 - CONTROL NUMBER IDENTIFIER
control field OSt
005 - DATE AND TIME OF LATEST TRANSACTION
control field 20140310181925.0
008 - FIXED-LENGTH DATA ELEMENTS--GENERAL INFORMATION
fixed length control field 130719t xxu||||| |||| 00| 0 eng d
050 ## - LIBRARY OF CONGRESS CALL NUMBER
Classification number LC 1035
Item number .B854 2010
082 ## - DEWEY DECIMAL CLASSIFICATION NUMBER
Classification number TR 371.26
Item number B854 2010
100 ## - MAIN ENTRY--PERSONAL NAME
Personal name Brigance, Albert H.
9 (RLIN) 2317
245 ## - TITLE STATEMENT
Title Brigance transition skills inventory /
Statement of responsibility, etc Albet H. Brigance.
300 ## - PHYSICAL DESCRIPTION
Extent 536 p. ;
Other physical details ill. col. ;
Dimensions 29 cm.
521 ## - TARGET AUDIENCE NOTE
Target audience note
541 ## - IMMEDIATE SOURCE OF ACQUISITION NOTE
-- 1
562 ## - COPY AND VERSION IDENTIFICATION NOTE
Number of copies 1
700 ## - ADDED ENTRY--PERSONAL NAME
Personal name Brigance, Albert H.
9 (RLIN) 2318
942 ## - ADDED ENTRY ELEMENTS (KOHA)
Source of classification or shelving scheme Library of Congress Classification
Koha item type
Call number prefix
Holdings
Withdrawn status Lost status Source of classification or shelving scheme Damaged status Home library Current library Shelving location Date acquired Total Checkouts Full call number Barcode Date last seen Copy number Price effective from Koha item type
    Library of Congress Classification   Luxembourg Library Luxembourg Library Teachers Reference Section 07/19/2013   LC 1035 .B854 2010 19482 08/13/2013 1 07/19/2013 Books

Brigance transition skills inventory /

APA

Brigance A. H., Brigance A. H., .Brigance transition skills inventory. : .

Chicago

Brigance Albert H, Brigance Albert H, .Brigance transition skills inventory. : .

Harvard

Brigance A. H., Brigance A. H., .Brigance transition skills inventory. : .

MLA

Brigance Albert H, Brigance Albert H, .: . .

  • Place hold
  • Print
  • Cite
  • Add to your cart (remove)
  • Save record
    BIBTEX Dublin Core MARCXML MARC (non-Unicode/MARC-8) MARC (Unicode/UTF-8) MARC (Unicode/UTF-8, Standard) MODS (XML) RIS
  • More searches
    Search for this title in:
    Other Libraries (WorldCat) Other Databases (Google Scholar) Online Stores (Bookfinder.com) Open Library (openlibrary.org)

Exporting to Dublin Core...

SOUTHVILLE LIBRARY

Southville International School and Colleges Library

1281 Tropical Ave. Cor. Luxembourg St., BF Homes International, Las Pinas City

Tel. No. 8256374 / 252358 Loc. 117/146

Powered by Koha